000 00290nam a22001337a 4500
008 171102b xxu||||| |||| 00| 0 eng d
020 _a9780131400856
041 _aeng
080 _a33
100 _a59
101 _aBUS
245 _aDATA AND TEXT MINING
_cMILLER,TH.W
942 _2udc
_cBK
999 _c37245
_d37245